000
00214nam a2200085Ia 4500
008
120527s9999 xx 000 0 und d
100
_a
Seninshans & Gordon
245
_a
Malnutrition, learning of behavior
942
_c
BK
999
_c
27615
_d
27615